| 000 | 01388nam a2200361 a 4500 | ||
|---|---|---|---|
| 005 | 20160524112515.0 | ||
| 008 | 140306b2001 cr d||||r|||| 00| 0 spa d | ||
| 020 | _a9977573743 | ||
| 040 |
_aCO-BoIAVH _cCO-BoIAVH |
||
| 041 | 0 | _aspa | |
| 044 | _acr | ||
| 082 | 0 | 4 |
_a634.98 _bS11a |
| 090 |
_aLB _b02346 |
||
| 100 | 1 |
_aSabogal, César _eautor |
|
| 245 | 1 | 0 |
_aAprovechamiento forestal mejorado en bosques de producción _bestudio de caso Los Filos, río San Juan, Nicaragua / _cCésar Sabogal [y otros 3] |
| 246 | 1 | 4 |
_aAprovechamiento mejorado en bosques de producción forestal _bestudio de caso Los Filos, río San Juan, Nicaragua |
| 260 |
_aTurrialba : _bCATIE. Unidad de Manejo de Bosques Naturales, _c2001. |
||
| 300 |
_axi, 57 páginas : _btablas y gráficas ; _c23 x 16 cm. |
||
| 490 | 0 |
_aSerie técnica. Informe técnico / CATIE ; _v323 |
|
| 500 | _aIncluye anexos. | ||
| 504 | _aIncluye referencias bibliográficas. | ||
| 650 | 1 | 4 | _aAprovechamiento forestal |
| 650 | 2 | 6 | _aSilvicultura |
| 650 | 2 | 6 | _aOrdenación forestal |
| 650 | 2 | 6 |
_aRecursos foretales _xuso |
| 650 | 2 | 6 | _aBosque tropical |
| 662 |
_aNicaragua _cRío San Juan |
||
| 700 | 1 |
_aCastillo, Alfonso _eautor |
|
| 700 | 1 |
_aCarrera, Fernando _eautor |
|
| 700 | 1 |
_aCastañeda, Armando _eautor |
|
| 710 | 2 | _aCatie | |
| 942 |
_cLIBRO _2ddc |
||
| 999 |
_c2533 _d2533 |
||